000 00419nam a2200181Ia 4500
001 10463
005 20260306161834.0
008 260306t1956||||xx |||||||||||||| ||spa||
041 _aESP
082 _a930.1
_bM597
100 _aMyres, John L.
_eAUT
245 0 _aEl amanecer de la historia
260 _c1956
300 _a198 páginas :
_c17 cm.
650 _aGEN
654 _aCHU
942 _cLIB
_dJUS
_fJUS
_2ddc
_n
999 _c10463
_d10463